000 00333nam a22001337a 4500
020 _a8176230103
082 _a808.831
_bSHI
_cD
245 _aChildren Treasury of moral stories
260 _aIndia
_bShilpa Pub
300 _a16 p.
_bill.
_c24 cm
526 _a0
_b0
_c0
_d808_831000000000000_SHI
650 _aD
_96527
942 _2ddc
_cBK
999 _c550162
_d550162